000 00889nam a2200253Ia 4500
003 OSt
005 20220930072935.0
006 a|||||r|||| 00| 0
007 ta
008 220926b |||||||| |||| 00| 0 eng d
024 _a25719
037 _cTheses
040 _aCRL
_cCRL
_beng
041 _2eng
_aeng
100 _aSharma Vandana P.
_9530743
110 _aUniversity of Delhi. Faculty of Science. Department of Zoology
245 0 _aSuppression of reproduction in spodoptera litura (fabr) (lepidoptera, noctuidae) by substerilizing radiation
_b Bases and efficacy of inherited sterility for pest management.
260 _c1999
650 _aZOOLOGY
700 _a Prof R K Seth Supervisor
_9530744
700 _aUniversity of Delhi. Faculty of Science. Department of Zoology
942 _cDIS
_2CC
999 _c864486
_d864486